Podział administracyjny Włoch - Quiz z mapą - Statystyki

Ogólne statystyki
  • Ten quiz został rozwiązany 650 razy
  • Średni wynik to 10 z 20
Odpowiedzi na mapie
Odpowiedzi zakodowano w zielono-czerwonej skali na mapie do tego quizu, zgodnie z poniższymi procentami.
 
Statystyki odpowiedzi
Odpowiedź % Poprawnych
Sycylia
96%
Sardynia
92%
Toskania
77%
Lacjum
69%
Lombardia
67%
Piemont
57%
Kalabria
47%
Liguria
46%
Emilia-Romania
45%
Apulia
43%
Trydent-Górna Adyga
42%
Umbria
41%
Kampania
38%
Wenecja Euganejska
38%
Friuli-Wenecja Julijska
37%
Dolina Aosty
36%
Abruzja
30%
Marche
26%
Basilicata
24%
Molise
21%
Nie znaleziono quizów pasujących do podanych kryteriów
Rozkład punktacji
Procent ludzi z każdym wynikiem
Percentyl według liczby udzielonych odpowiedzi
Twoja historia wyników
Nie rozwiązałeś tego quizu